000 00272nam a2200121Ia 4500
008 241002s9999 xx 000 0 und d
082 _a297.954 MUJ
100 _aMujeeb, M.
245 4 _aThe Indian Muslims
260 _aLondon:
_c1967
600 _aReligion
942 _cUC
999 _c18564
_d18564